000 01216nam a2200277Ia 4500
005 20240530110959.0
008 140319s2022 ua a g b 000 0 ara d
017 _a2022/3836
_bمصر. دار الكتب
020 _a9789778607482
040 _aGCL /
_cGCL
082 0 4 _221
_a372.7
_bر ب
100 0 _aرشا هاشم عبدالحميد
245 1 0 _aبيئات التعليم الالكترونية التفاعلية :
_bتدريس الرياضيات نموذجا /
_cاعداد رشا هاشم عبدالحميد
250 _aالاولى
260 _aالقاهرة :
_bالمركز الاكاديمى العربى،
_c2022
300 _a272 ص :
_bايض ؛
_c24 سم
504 _aيشتمل على ارجاعات ببليوجرافية
650 0 7 _2qrmak
_aالتعليم الالكترونى
650 0 7 _2qrmak
_aالتعليم
_xتطبيقات الحاسب الالى
650 0 7 _2qrmak
_aالتعليم
_xاغراضة واهدافة
650 0 7 _2qrmak
_aتكنولوجيا التعليم
650 0 7 _2qrmak
_aالتعليم
_xوسائل سمعية و بصرية
650 0 7 _2qrmak
_aالرياضيات
_xتدريس
942 _2ddc
_cBK
999 _c67146
_d67146